01072nam a2200265 a 450000100100000000500170001000800410002704000250006808200160009310000270010924000580013624500920019426000590028630000330034549000290037850400740040753400670048165000180054870000310056671000270059783000360062404900090066095201200066999900170078900002284120240724123526.0101119s1968 mx a r 001 0 spa d aDO-SdBNPbspacBNPHU aNNNNbM821i1 aMoore, Basil J.94694313aAn Introduction to the Theory of Finance.lEspañol.10aIntroducción a la teoría financiera /cBasil J. Morre ; traducción, Roberto Bopp. aMéxico :bCentro Regional de Ayuda Técnica,c1968. a[8], 293 p. :bil. ;c23 cm.1 aAlianza para el progreso aIncluye referencias bibliográficas y notas al pie de las páginas. pTítulo en Ingles:tAn Introduction to the Theory of Finance. 0aFinanzas96411 aBopp, Roberto,etr.9469441 aAmorrortu,eed.946945 0aAlianza para el progreso941672 aBNGR 001052708MOaGRbGRcCTd2010-11-19iLF1l0oNNNN M821ip22841-10r2020-06-25w2020-06-25y2ZPréstamo interno c22338d22338